| 000 | 01045cam a22003137a 4500 | ||
|---|---|---|---|
| 999 |
_c532017 _d532017 |
||
| 001 | 17294402 | ||
| 003 | NUST | ||
| 005 | 20191106130238.0 | ||
| 008 | 120510s2010 ii a 001 0 eng d | ||
| 010 | _a 2012405175 | ||
| 016 | 7 |
_a015722563 _2Uk |
|
| 020 | _a9780198068815 (pbk.) | ||
| 020 | _a0198068816 (pbk.) | ||
| 035 | _a(OCoLC)ocn712778939 | ||
| 038 | _aMSOHAIL | ||
| 040 |
_aNLE _cNLE _dCUD _dYDXCP _dBTCTA _dMIX _dBKL _dUKMGB _dDLC |
||
| 042 | _alccopycat | ||
| 050 | 0 | 0 |
_aTA684 _b.S83 2010 |
| 082 | 0 | 0 |
_a624.1821 _223 |
| 100 | 1 |
_aSubramanian, N. _q(Narayanan), _d1951- _925274 |
|
| 245 | 1 | 0 |
_aSteel structures : _bdesign and practice / _cN. Subramanian. |
| 260 |
_aNew Delhi ; _aOxford : _bOxford University Press, _c2010. |
||
| 300 |
_axxiv, 768 p. : _bill. ; _c25 cm. |
||
| 504 | _aIncludes bibliographical references (p. 751-762) and index. | ||
| 650 | 0 |
_aSteel, Structural. _925275 |
|
| 906 |
_a7 _bcbc _ccopycat _d2 _encip _f20 _gy-gencatlg |
||
| 942 |
_2ddc _cBK |
||